00600nam a2200169 a 4500999001500000001000500015003000500020005001700025008004100042040002000083110005500103245011000158260005600268300001700324942001300341952007600354 c7949d79493345CDMR20241022134241.0130130s1912||||||||||||||||||||||||||||d aCDMRbcatcCDMR2 9208aAsociación de la Prensa Diaria de Barcelona10aEstatutos, Reglamento de su Montepío, Lista de socios c/ Asociación de la Prensa Diaria de Barcelona aBarcelona : bTalleres Gráficos Núñez, c1932 a50 pàgines cRES2udc 00104070aCDMRbCDMRd2024-10-22l0oDu r2024-10-22w2024-10-22yRES